Sports Quiz

Random Sports or Tennis Quiz

Mens Top 100 Ranked Tennis Players(27/01/14) Quiz Stats

 Plays Quiz not verified by Sporcle

Also try: Masters 2+ Winners
Challenge
Share
Tweet
Embed
Score 0/100 Timer 16:00
0 Plays Today
Country Player Name % Correct
(1)SpainRafael Nadal
100%
(2)SerbiaNovak Djokovic
100%
(8)SwitzerlandRoger Federer
100%
(6)UKAndy Murray
99.5%
(3)SwitzerlandStanislas Wawrinka
97.3%
(5)SpainDavid Ferrer
97.3%
(10)FranceJo-Wilfried Tsonga
95.9%
(7)Czech RepublicTomas Berdych
95%
(9)FranceRichard Gasquet
92.3%
(13)USAJohn Isner
91.9%
(11)CanadaMilos Raonic
87.8%
(18)JapanKei Nishikori
87.8%
(30)FranceGael Monfils
86.4%
(12)GermanyTommy Haas
86%
(4)ArgentinaJuan Martin Del Potro
85.1%
(14)RussiaMikhail Youzhny
83.3%
(21)PolandJerzy Janowicz
83.3%
(15)ItalyFabio Fognini
82.4%
(19)BulgariaGrigor Dimitrov
82.4%
(41)AustraliaLleyton Hewitt
81.9%
(22)South AfricaKevin Anderson
81%
(23)LatviaErnests Gulbis
79.6%
(26)SpainFeliciano Lopez
79.2%
(37)CroatiaMarin Cilic
79.2%
(20)FranceGilles Simon
77.8%
(33)SpainFernando Verdasco
76.5%
(27)GermnayPhilipp Kohlschreiber
76%
(17)SpainNicolas Almagro
75.6%
(31)ItalyAndreas Seppi
74.7%
(53)UkraineAlexandr Dolgopolov
73.8%
(16)SpainTommy Robredo
72.9%
(32)AustriaJurgen Melzer
71.9%
(65)AustraliaBernard Tomic
71.9%
(49)USASam Querrey
70.6%
Country Player Name % Correct
(36)FinlandJarrko Nieminen
67.9%
(25)CanadaVasek Pospisil
67%
(69)SerbiaJanko Tipsarevic
67%
(50)Czech RepublicRadek Stepanek
66.5%
(39)FranceJulien Benneteau
64.7%
(59)RussiaNikolay Davydenko
64.7%
(54)TaipeiYen-Hsun Lu
64.3%
(40)ArgentinaJuan Monaco
63.8%
(42)UzbekistanDenis Istomin
63.8%
(46)NetherlandsRobin Haase
62%
(29)GermanyFlorian Mayer
61.1%
(92)ArgentinaLeonardo Mayer
61.1%
(84)SerbiaViktor Troicki
60.2%
(24)FranceBenoit Paire
58.8%
(79)USADonald Young
58.8%
(43)FranceJeremy Chardy
58.4%
(35)SpainMarcel Granollers
57.9%
(51)PortugalJoao Sousa
56.6%
(80)CroatiaIvo Karlovic
56.6%
(34)CroatiaIvan Dodig
54.3%
(48)Czech RepublicLukas Rosol
52%
(74)ColombiaAlejandro Falla
52%
(76)IsraelDudi Sela
51.6%
(56)SpainGuillermo Garcia-Lopez
51.1%
(28)RussiaDmitry Tursunov
49.8%
(72)RomaniaVictor Hanescu
49.3%
(47)FranceNicolas Mahut
48.4%
(70)ColombiaSantiago Giraldo
48.4%
(75)PolandLukasz Kubot
47.5%
(67)KazakhstanMikhail Kukushkin
47.1%
(88)KazakhstanAndrey Golubev
45.7%
(89)USAJack Sock
44.8%
(94)GermanyBenjamin Becker
44.8%
(55)AustraliaMarinko Matosevic
43.4%
Country Player Name % Correct
(85)UkraineSergiy Stakhovsky
43%
(91)SlovakiaMartin Klizan
41.6%
(52)SpainRoberto Bautista Agut
41.2%
(45)SpainPablo Andujar
38.9%
(44)ArgentinaCarlos Berlocq
36.7%
(38)FranceEduoard Roger-Vasselin
35.7%
(71)FranceAdrian Mannarino
35.7%
(58)SpainAlbert Montanes
35.3%
(66)ArgentinaHoracio Zeballos
34.8%
(60)ArgentinaFederico Delbonis
33.9%
(62)NetherlandsIgor Sijsling
33.9%
(61)AustraliaMatthew Ebden
30.3%
(77)ColombiaAlejandro Gonzalez
29.4%
(81)Czech RepublicJiri Vesely
28.1%
(87)SpainAlbert Ramos
28.1%
(68)GermanyDaniel Brands
26.7%
(73)ItalyFilippo Volandri
26.2%
(78)FranceStephane Robert
24.9%
(63)RussiaTeymuraz Gabashvili
23.5%
(86)SpainDaniel Gimeno-Traver
23.5%
(90)GermanyTobias Kamke
23.5%
(64)SpainPablo Carreno Busta
23.1%
(100)USATim Smyczek
22.6%
(97)USAMichael Russell
22.2%
(57)PolandMichal Przysiezny
18.6%
(83)FranceKenny De Schepper
16.7%
(95)KazakhstanAleksandr Nedovyesov
13.6%
(82)USABradley Klahn
13.1%
(93)NetherlansJesse Huta Galung
12.7%
(99)GermanyPeter Gojowczyk
12.7%
(98)RussiaAlex Bogomolov Jr.
10.9%
(96)GermanyJulian Reister
10%

You're not logged in!

Compare scores with friends on all Sporcle quizzes.
Join for Free
OR
Log In

You Might Also Like...

Show Comments

Extras

Top Quizzes Today


Score Distribution

Your Account Isn't Verified!

In order to create a playlist on Sporcle, you need to verify the email address you used during registration. Go to your Sporcle Settings to finish the process.

Report this User

Report this user for behavior that violates our Community Guidelines.

Details: